000 00715nam a2200253Ia 4500
003 OSt
005 20220918165406.0
006 a|||||r|||| 00| 0
007 ta
008 220917b |||||||| |||| 00| 0 eng d
020 _a674264258
024 _a30,664
037 _cTextual
040 _aARTS
_cARTS
_beng
041 _2eng
_aeng
082 _aO111,6:g, L0
100 _aBloomfield Morton W
_924072
245 0 _aEssays and explorations
_b studies in ideas languages and literature
260 _aCambridge
_bHarvard Univ Press
_c1970
300 _ax,321p.
_ccm.
650 _aENGLISH LITERATURE
942 _hO111,6:g, L0
_cTEXL
_2CC
999 _c129641
_d129641